Educational enterprises and the valleys environment (Record no. 22893)

MARC details
000 -LEADER
fixed length control field 00741cab a2200217 4500
001 - CONTROL NUMBER
control field ABS42081
008 - FIXED-LENGTH DATA ELEMENTS--GENERAL INFORMATION
fixed length control field 090401t1990 xxu||||| |||| 00| 0 eng d
035 ## - SYSTEM CONTROL NUMBER
System control number (Sirsi) u34605
041 ## - LANGUAGE CODE
Language code of text/sound track or separate title eng
100 ## - MAIN ENTRY--PERSONAL NAME
Personal name Prescott, G.
245 ## - TITLE STATEMENT
Title Educational enterprises and the valleys environment
260 ## - PUBLICATION, DISTRIBUTION, ETC.
Date of publication, distribution, etc. 1990
350 ## - PRICE (NR) (BK AM CF MU VM SE) [OBSOLETE]
Price 0
490 ## - SERIES STATEMENT
Series statement Planning (for the Natural and Built Environment)
Volume/sequential designation (850) 5 January 1990, 6-7(2)
520 ## - SUMMARY, ETC.
Summary, etc. The Polytechnic of Wales Treforest Environmental Improvement Study is discussed in relation to the Enterprise in Higher Education initiative and the Government`s 1988 Valleys Initiative .
650 ## - SUBJECT ADDED ENTRY--TOPICAL TERM
Topical term or geographic name entry element WALES
690 ## - LOCAL SUBJECT ADDED ENTRY--TOPICAL TERM (OCLC, RLIN)
Topical term or geographic name as entry element URBAN RENEWAL
700 ## - ADDED ENTRY--PERSONAL NAME
Personal name Leverton, P.
942 ## - ADDED ENTRY ELEMENTS (KOHA)
Suppress in OPAC 0
948 ## - LOCAL PROCESSING INFORMATION (OCLC); SERIES PART DESIGNATOR (RLIN)
c (OCLC) 04/03/1997
Holdings
Withdrawn status Lost status Source of classification or shelving scheme Damaged status Not for loan Home library Current library Shelving location Date acquired Total Checkouts Full call number Barcode Date last seen Copy number Price effective from Koha item type
    Dewey Decimal Classification     London London Journal article 14/09/1999   ABS42081 34605-1001 06/08/2019 1 06/08/2019 Journal article